| 000 | 01473cam a2200397Ma 4500 | ||
|---|---|---|---|
| 001 | 7207387 | ||
| 003 | OSt | ||
| 005 | 20150408114157.0 | ||
| 006 | m d | ||
| 007 | cr cnu|||||||| | ||
| 008 | 050414s2005 enka sb 001 0 eng | ||
| 020 | _a9780521838474 (hbk) | ||
| 020 | _a0521838479 (hbk) | ||
| 020 | _a9781601197542 (electronic bk.) | ||
| 020 | _a1601197543 (electronic bk.) | ||
| 035 | _a(OCoLC)63814419 | ||
| 035 | _a(OCoLC)ocm63814419 | ||
| 035 | _a(NNC)7207387 | ||
| 037 |
_bKnovel Corporation _nhttp://www.knovel.com |
||
| 040 |
_aAU@ _beng _cAU@ _dKNOVL _dZCU |
||
| 050 | 0 | 0 |
_aTK7872.D48 _bK755 2005eb |
| 082 | 0 | 4 |
_a004.68 _222 _bKBN |
| 100 | 1 |
_aKrishnamachari, Bhaskar. _940938 |
|
| 245 | 1 | 0 |
_aNetworking wireless sensors _h[electronic resource] / _cBhaskar Krishnamachari. |
| 260 |
_aCambridge : _bCambridge University Press, _c2005. |
||
| 300 |
_axii, 202 p. : _bill. ; _c26 cm. |
||
| 504 | _aIncludes bibliographical references (p. 183-196) and index. | ||
| 533 |
_cKnovel, _aElectronic reproduction. _bNorwich, N.Y : _d[200-]. _nMode of access: World Wide Web. _nSystem requirements: Adobe Acrobat Reader. _nAvailable to subscribing institutions |
||
| 650 | 0 | _aSensor networks. | |
| 650 | 0 | _aWireless LANs. | |
| 655 | 7 |
_aElectronic books. _2local _94135 |
|
| 710 | 2 |
_aKnovel (Firm) _940249 |
|
| 856 | 4 | 0 |
_uhttp://www.columbia.edu/cgi-bin/cul/resolve?clio7207387 _zClick here for full text. |
| 942 |
_2ddc _cBOOK |
||
| 999 |
_c32579 _d267079 |
||